Annual tourism statistics report / (Record no. 9442)

MARC details
000 -LEADER
fixed length control field 00989nam a22001937a 4500
001 - CONTROL NUMBER
control field 9442
003 - CONTROL NUMBER IDENTIFIER
control field FISKH
005 - DATE AND TIME OF LATEST TRANSACTION
control field 20260108114358.0
008 - FIXED-LENGTH DATA ELEMENTS--GENERAL INFORMATION
fixed length control field 260108b cb ||||| |||| 00| 0 eng d
040 ## - CATALOGING SOURCE
Original cataloging agency FISKH
Language of cataloging eng
Transcribing agency FISKH
Modifying agency FISKH
082 ## - DEWEY DECIMAL CLASSIFICATION NUMBER
Classification number 338.4796
100 ## - MAIN ENTRY--PERSONAL NAME
Personal name Anonymous
245 ## - TITLE STATEMENT
Title Annual tourism statistics report /
Statement of responsibility, etc. By Anonymous
260 ## - PUBLICATION, DISTRIBUTION, ETC.
Place of publication, distribution, etc. Phnom Penh :
Date of publication, distribution, etc. 2024 .
300 ## - PHYSICAL DESCRIPTION
Extent 59 pages :
Other physical details color illustrations ;
Dimensions 30 cm .
520 ## - SUMMARY, ETC.
Summary, etc. This book provides a comprehensive annual report on tourism statistics, including data on visitor arrivals, expenditures, hotel occupancy, popular destinations, and tourism trends. It is a key resource for government agencies, tourism planners, researchers, and investors, offering insights into the economic impact of tourism and patterns of travel over the year. By analyzing statistics and trends, the report helps in policy-making, marketing strategies, and sustainable tourism development.
942 ## - ADDED ENTRY ELEMENTS (KOHA)
Source of classification or shelving scheme Dewey Decimal Classification
Koha item type Books
Suppress in OPAC No
Holdings
Withdrawn status Lost status Source of classification or shelving scheme Damaged status Not for loan Collection Home library Current library Shelving location Date acquired Total Checkouts Full call number Barcode Date last seen Price effective from Koha item type
    Dewey Decimal Classification     Reference Footprints International School Library Network Toul Tom Poung Campus Footprints International School Library Network Toul Tom Poung Campus Librarian's Shelf TTP 01/08/2026   ANO 338.4796 2026-0016 01/08/2026 01/08/2026 Books